Environmental changes and sustainable development in the new millennium/ (Record no. 12374)

MARC details
000 -LEADER
fixed length control field 00671 a2200193 4500
010 ## - LIBRARY OF CONGRESS CONTROL NUMBER
LC control number ENG-90165
020 ## - INTERNATIONAL STANDARD BOOK NUMBER
Terms of availability 995.00
International Standard Book Number 8189131109
035 ## - SYSTEM CONTROL NUMBER
System control number EN-73698
037 ## - SOURCE OF ACQUISITION
Source of stock number/acquisition DBAD / PUB
082 14 - DEWEY DECIMAL CLASSIFICATION NUMBER
Classification number 333.7
090 ## - LOCALLY ASSIGNED LC-TYPE CALL NUMBER (OCLC); LOCAL CALL NUMBER (OCLC)
-- 12737
-- 12737
245 1# - TITLE STATEMENT
Title Environmental changes and sustainable development in the new millennium/
Statement of responsibility, etc edited by Mohan Singh Panwar
260 ## - PUBLICATION, DISTRIBUTION, ETC. (IMPRINT)
Place of publication, distribution, etc New Delhi
Name of publisher, distributor, etc Research India Press
Date of publication, distribution, etc 2007
270 ## - ADDRESS
Address E-6/34, Sangam Vihar
City New Delhi
Postal code 110062
300 ## - PHYSICAL DESCRIPTION
Extent xi, 260p.
Dimensions 22 cm (Hb )
500 ## - GENERAL NOTE
General note Includes index.
942 ## - ADDED ENTRY ELEMENTS (KOHA)
Institution code [OBSOLETE] dpl
Koha item type English Books
Call number prefix 333.7 / ENV
Holdings
Withdrawn status Lost status Source of classification or shelving scheme Damaged status Not for loan Collection code Home library Current library Source of acquisition Cost, normal purchase price Total Checkouts Full call number Barcode Date last seen Copy number Uniform Resource Identifier Cost, replacement price Price effective from Koha item type
    Dewey Decimal Classification   Not For Loan Non-fiction D.B.Act.Division D.B.Act.Division DBAD/PUB 995.00   333.7 ENY EN-73698 15/09/2008 1 13582 995.00 15/09/2008 English Books

© Delhi Public Library
Hit Counter
free hit counter